Individualizacin̤ judicial de la pena Anl̀isis de Doctrina Contemporǹea y Trabajo Empr̕ico de Aplicacin̤ Jurisprudencial /

Detalles Bibliográficos
Autor principal: Martn̕ Bertone, Fernando
Formato: eBook
Lenguaje:español
Publicado: Ciudad de Cr̤doba : Alveroni Ediciones, 2010
Materias:
Acceso en línea:Acceso restringido

MARC

LEADER 00000nam a22000007a 4500
005 20130709175138.0
007 cr|||| ||||
008 130709s2010 ar |||||s|||| 00||0 spa d
020 |a 978-987-643-043-2 
035 |a 11376 
040 |a vLex 
090 |c 4398  |d 4398 
100 1 |a Martn̕ Bertone, Fernando 
245 1 0 |a Individualizacin̤ judicial de la pena   |h [Recurso electrn̤ico] :  |b Anl̀isis de Doctrina Contemporǹea y Trabajo Empr̕ico de Aplicacin̤ Jurisprudencial /  |c Fernando Martn̕ Bertone 
256 |a Servicio en ln̕ea 
260 |a Ciudad de Cr̤doba :  |b Alveroni Ediciones,  |c 2010 
300 |a 1 recurso electrn̤ico 
506 1 |a Contenido solo disponible en los productos indicados  |d vLex Global  |d vLex Global (Academic Edition, excluding Law Schools)  |d vLex Global (U.S. Academic Edition, Law Schools)  |d vLex Global (U.S. Academic Edition, excluding Law Schools)  |d vLex Global (Academic Edition, Law Schools) 
650 0 4 |a Derecho penal  |z Argentina 
740 0 |a vLex Libros (Servicio en ln̕ea) 
856 4 0 |u http://vlex.com/source/individualizacion-judicial-de-la-pena-analisis-de-doctrina-contemporanea-y-trabajo-empirico-de-aplicacion-jurisprudencial-11376  |z Acceso restringido 
942 |c BOOK 
999 0 |a Criminal Law